Building regulations (Record no. 106187)

MARC details
000 -LEADER
fixed length control field 01040cam a2200253 4500
001 - CONTROL NUMBER
control field L135753
008 - FIXED-LENGTH DATA ELEMENTS--GENERAL INFORMATION
fixed length control field 061208n2006 000 0 eng u
020 ## - INTERNATIONAL STANDARD BOOK NUMBER
International Standard Book Number 1904388655
-- 9781904388654
035 ## - SYSTEM CONTROL NUMBER
System control number (Sirsi) u135753
041 0# - LANGUAGE CODE
Language code of text/sound track or separate title eng
100 1# - MAIN ENTRY--PERSONAL NAME
Personal name Badley, Neil
245 00 - TITLE STATEMENT
Title Building regulations
Remainder of title a CPD study pack
260 ## - PUBLICATION, DISTRIBUTION, ETC.
Place of publication, distribution, etc. Reading
Name of publisher, distributor, etc. College of Estate Management
Date of publication, distribution, etc. 2006
300 ## - PHYSICAL DESCRIPTION
Extent 51p.
Dimensions 30cm.
350 ## - PRICE (NR) (BK AM CF MU VM SE) [OBSOLETE]
Price 37
490 #0 - SERIES STATEMENT
Series statement College of Estate Management CPD Study Pack
505 2# - FORMATTED CONTENTS NOTE
Formatted contents note Conservation of fuel and power -- Means of ventilation -- Historic buildings
520 ## - SUMMARY, ETC.
Summary, etc. Discusses work on new and existing dwellings, and on buildings that are not dwellings. Considers why lesser standards may be acceptable with work on historic buildings. Discusses transitional requirements, types of change of use and thermal elements in domestic extensions.
520 ## - SUMMARY, ETC.
Summary, etc. Supersedes 2005 edition (ISBN 1904388507).
590 ## - LOCAL NOTE (RLIN)
Local note KA
651 #4 - SUBJECT ADDED ENTRY--GEOGRAPHIC NAME
Geographic name United Kingdom
Chronological subdivision
690 ## - LOCAL SUBJECT ADDED ENTRY--TOPICAL TERM (OCLC, RLIN)
Topical term or geographic name as entry element BUILT ENVIRONMENT-BUILDING STANDARDS
942 ## - ADDED ENTRY ELEMENTS (KOHA)
Suppress in OPAC 0
Holdings
Withdrawn status Lost status Source of classification or shelving scheme Damaged status Not for loan Home library Current library Shelving location Date acquired Cost, normal purchase price Total Checkouts Full call number Barcode Date last seen Date last checked out Copy number Cost, replacement price Price effective from Koha item type
    Dewey Decimal Classification     London London Enquiry desk 06/02/2007 31.45 33 ENQUIRY DESK 30073588 06/08/2019 10/11/2009 4 31.45 06/08/2019 Audio
  Missing       London London Missing 06/02/2007 31.45 11 ENQUIRY DESK 30073507 06/08/2019 08/01/2008 5 31.45 06/08/2019 Audio
    Dewey Decimal Classification     London London Enquiry desk 06/02/2007 31.45 24 ENQUIRY DESK 30073590 06/08/2019 02/02/2010 6 31.45 06/08/2019 Audio